Los Agenciamientos sociales y la prevención integral del uso indebido de drogas: una lectura cultural /

Uloženo v:
Podrobná bibliografie
Hlavní autor: Pulido, María Elena
Médium: Text
Tagy: Přidat tag
Žádné tagy, Buďte první, kdo vytvoří štítek k tomuto záznamu!

MARC

LEADER 00000 a a2200000 04500
001 17476
003
040
100 |a Pulido, María Elena  
245 |a Los Agenciamientos sociales y la prevención integral del uso indebido de drogas:   |b una lectura cultural /  |c María Elena Pulido 
773 |g número 61; páginas 15-27  
999 |c 31278  |d 31278